| 000 | 00390nam a22001457a 4500 | ||
|---|---|---|---|
| 020 | _a1883249104 | ||
| 040 | _cnust | ||
| 082 |
_a332.632 _bASS |
||
| 100 |
_aBhattacharya. K Anand _9122636 |
||
| 110 |
_aFabozzi. J Frank _9122637 |
||
| 245 | _aAsset-Backed Securities | ||
| 260 |
_aNew York: _bJohn Wiley & Sons, Inc, _c1996. |
||
| 650 |
_aAsset-Backed Securities _979547 |
||
| 942 |
_2ddc _cBK |
||
| 999 |
_c609093 _d609093 |
||